Stock market capitalism welfare capitalism : Japan and Germany versus the Anglo-saxons
This book provides a good guide of change in economic behaviours of countries. Although it challenges the less financailly astute reader, it makes more sense upon each reading. It is well-documented. The authro explicitly shows a warmth for people's daily lives as the basis of econoic systems.&...
Đã lưu trong:
| Príomhúdar: | |
|---|---|
| Formáid: | Leabhar |
| Teanga: | Undetermined |
| Foilsithe: |
Oxford
Oxford University Press
2000
|
| Ábhair: | |
| Clibeanna: |
Cuir Clib Leis
Gan Chlibeanna, Bí ar an gcéad duine leis an taifead seo a chlibeáil!
|
| Thư viện lưu trữ: | Trung tâm Học liệu Trường Đại học Cần Thơ |
|---|
| LEADER | 01056nam a2200229Ia 4500 | ||
|---|---|---|---|
| 001 | CTU_118574 | ||
| 008 | 210402s9999 xx 000 0 und d | ||
| 020 | |c 13300 | ||
| 082 | |a 330.12 | ||
| 082 | |b D695 | ||
| 100 | |a Dore, Ronald | ||
| 245 | 0 | |a Stock market capitalism welfare capitalism : | |
| 245 | 0 | |b Japan and Germany versus the Anglo-saxons | |
| 245 | 0 | |c Ronald Dore | |
| 260 | |a Oxford | ||
| 260 | |b Oxford University Press | ||
| 260 | |c 2000 | ||
| 520 | |a This book provides a good guide of change in economic behaviours of countries. Although it challenges the less financailly astute reader, it makes more sense upon each reading. It is well-documented. The authro explicitly shows a warmth for people's daily lives as the basis of econoic systems.' H-Japan | ||
| 650 | |a Management,Management,Management,Management,Capitalism,Capitalism,Capitalism,Capitalism | ||
| 650 | |z Japan,Germany,United States,Great britain,Japan,Germany,United States,Great britain | ||
| 904 | |i Truc | ||
| 980 | |a Trung tâm Học liệu Trường Đại học Cần Thơ | ||